<?xml version="1.0" encoding="UTF-8"?>
<record
    xmlns:xsi="http://www.w3.org/2001/XMLSchema-instance"
    xsi:schemaLocation="http://www.loc.gov/MARC21/slim http://www.loc.gov/standards/marcxml/schema/MARC21slim.xsd"
    xmlns="http://www.loc.gov/MARC21/slim">

  <leader>00682nam a22002297a 4500</leader>
  <controlfield tag="003">0</controlfield>
  <controlfield tag="005">20160609165116.0</controlfield>
  <controlfield tag="008">091019t        xxu||||| |||| 00| 0 eng d</controlfield>
  <datafield tag="020" ind1=" " ind2=" ">
    <subfield code="a">2-7081-3228-8</subfield>
  </datafield>
  <datafield tag="040" ind1=" " ind2=" ">
    <subfield code="a">BUAC</subfield>
    <subfield code="b">FR</subfield>
    <subfield code="c">BAC</subfield>
  </datafield>
  <datafield tag="041" ind1=" " ind2=" ">
    <subfield code="a">FR</subfield>
  </datafield>
  <datafield tag="082" ind1=" " ind2=" ">
    <subfield code="a">303.4 SAM</subfield>
  </datafield>
  <datafield tag="100" ind1=" " ind2=" ">
    <subfield code="a">Sample, Steven</subfield>
    <subfield code="9">1455</subfield>
  </datafield>
  <datafield tag="245" ind1=" " ind2=" ">
    <subfield code="a">Devenez un grand leader</subfield>
    <subfield code="c">/Steven Sample</subfield>
  </datafield>
  <datafield tag="260" ind1=" " ind2=" ">
    <subfield code="a">Paris</subfield>
    <subfield code="b">Nouveaux Horizons;Edition d'Organisation</subfield>
    <subfield code="c">2005</subfield>
  </datafield>
  <datafield tag="300" ind1=" " ind2=" ">
    <subfield code="a">239p.</subfield>
    <subfield code="b">Couv. en coul.</subfield>
    <subfield code="c">23 cm</subfield>
  </datafield>
  <datafield tag="650" ind1=" " ind2=" ">
    <subfield code="a">L'art de l'&#xE9;coute</subfield>
    <subfield code="9">1456</subfield>
  </datafield>
  <datafield tag="650" ind1=" " ind2=" ">
    <subfield code="a">Pens&#xE9;e nuanc&#xE9;e et affranchie</subfield>
    <subfield code="9">1457</subfield>
  </datafield>
  <datafield tag="700" ind1=" " ind2=" ">
    <subfield code="a">Bennis, Warren</subfield>
    <subfield code="9">1458</subfield>
  </datafield>
  <datafield tag="700" ind1=" " ind2=" ">
    <subfield code="a">Trad. de l'am&#xE9;ricain par Sabine Rolland</subfield>
    <subfield code="9">1459</subfield>
  </datafield>
  <datafield tag="942" ind1=" " ind2=" ">
    <subfield code="c">LIVR</subfield>
  </datafield>
  <datafield tag="999" ind1=" " ind2=" ">
    <subfield code="c">46391</subfield>
    <subfield code="d">46391</subfield>
  </datafield>
  <datafield tag="952" ind1=" " ind2=" ">
    <subfield code="0">0</subfield>
    <subfield code="1">0</subfield>
    <subfield code="4">0</subfield>
    <subfield code="7">0</subfield>
    <subfield code="a">BAC</subfield>
    <subfield code="b">BAC</subfield>
    <subfield code="d">2009-10-19</subfield>
    <subfield code="e">Don CCA</subfield>
    <subfield code="l">0</subfield>
    <subfield code="o">303.4 SAM</subfield>
    <subfield code="p">0067BAC</subfield>
    <subfield code="r">2009-10-19 00:00:00</subfield>
    <subfield code="t">1</subfield>
    <subfield code="w">2009-10-19</subfield>
    <subfield code="y">LIVR</subfield>
  </datafield>
  <datafield tag="952" ind1=" " ind2=" ">
    <subfield code="0">0</subfield>
    <subfield code="1">0</subfield>
    <subfield code="4">0</subfield>
    <subfield code="7">0</subfield>
    <subfield code="a">BAC</subfield>
    <subfield code="b">BAC</subfield>
    <subfield code="d">2009-10-19</subfield>
    <subfield code="e">Don CCA</subfield>
    <subfield code="l">0</subfield>
    <subfield code="o">303.4 SAM</subfield>
    <subfield code="p">0068BAC</subfield>
    <subfield code="r">2009-10-19 00:00:00</subfield>
    <subfield code="t">2</subfield>
    <subfield code="w">2009-10-19</subfield>
    <subfield code="y">LIVR</subfield>
  </datafield>
  <datafield tag="952" ind1=" " ind2=" ">
    <subfield code="0">0</subfield>
    <subfield code="1">0</subfield>
    <subfield code="4">0</subfield>
    <subfield code="7">0</subfield>
    <subfield code="a">BAC</subfield>
    <subfield code="b">BAC</subfield>
    <subfield code="d">2009-10-19</subfield>
    <subfield code="e">Don CCA</subfield>
    <subfield code="l">0</subfield>
    <subfield code="o">303.4 SAM</subfield>
    <subfield code="p">0066BAC</subfield>
    <subfield code="r">2009-10-19 00:00:00</subfield>
    <subfield code="t">3</subfield>
    <subfield code="w">2009-10-19</subfield>
    <subfield code="y">LIVR</subfield>
  </datafield>
</record>
